000 02258nam a2200289 i 4500
005 20250329165506.0
007 ta
008 200622s2021 000 0 eng d
040 _aCO-CtgCURN
_bspa
_ccoctgcurn
_erda
082 0 _aTCS 2021
_bA472
100 1 _aAlvarado Vergel, María Isabel,
_eauthor.
_4aut
245 1 0 _aAfectaciones económicas del sector turístico y hotelero de la ciudad de Cartagena durante el año 2020 ocasionadas por la difusión del virus covid-19 /
_cMaría Isabel Alvarado Vergel; Sandra Alejandra Díaz Suárez; asesor José Castro Hernández.
260 _aCartagena de Indias :
_bCorporación Universitaria Rafael Núñez,
_c2021.
260 4 _c©2021.
300 _a27 hojas.
336 _atext
_btxt
_2rdacontent
337 _aunmediated
_bn
_2rdamedia
338 _avolume
_bnc
_2rdacarrier
502 _aTrabajo de grado (Tecnologo en contabilidad sistematizada). Corporación Universitaria Rafael Núñez. Facultad de Ciencias Administrativas y Contables. Programa de Tecnología en Contabilidad Sistematizada, 2021.
520 8 _a"Desde el año 2020 el mundo vive inmerso es una pandemia que ocasiono una gran recesión económica, uno de los sectores que se ha visto mayormente afectados ha sido el turismo ya que fue el primer sector en cerrar y el ultimo en su reactivación, esto con el fin de evitar la propagación del mismo, Cartagena al ser una ciudad que depende mucho de la economía se ha visto muy afectada por esta situación, después de más de un año de recesión la ciudad está reactivando este importante sector, pero aún quedan secuelas en la economía, este trabajo tratara de dar a conocer cuáles han sido las principales afectaciones ocasionadas por la propagación del virus covid-19 en la ciudad de Cartagena."
650 0 _aContabilidad sistematizada
_xTesis y disertaciones académicas.
700 1 _aDíaz Suárez, Sandra Alejandra.
700 1 _aCastro Hernández, José,
_easesor.
856 7 _uhttps://unicurn.sharepoint.com/:b:/s/biblioteca/EREn54dwBppLmaFCGfSytekBizDm-OsQSklSdi5uR1r2Og?e=pLNQhz
_zVea el texto completo de este recuros dando click aqui
942 _2ddc
_aMHC
_bMHC
_cTG
_hTCS 2021
_iA472
999 _c5824
_d5824